000 00789nam a22002537a 4500
001 2537214
005 20180117035824.0
007 hd|afb---bacp
007 hd|bfb---baap
008 931021s1952 nyua a 000 0 eng
010 _a 93635431
040 _aDLC
_cDLC
041 _aeng
080 _a330.0
082 _2330.0 WU
100 1 _a52
101 _aEKO
245 1 0 _aEconomic warfare
_cby Yuan-li Wu.
533 _aMicrofilm.
_bWashington, D.C. :
_cLibrary of Congress Preservation Microfilming Program :
_cAvailable from Library of Congress Photoduplication Service,
_d1993.
_e1 microfilm reel ; 35 mm.
776 1 _cOriginal
_w(DLC) 52010552
906 _a7
_bcbc
_corignew
_du
_encip
_f19
_gy-genmicro
942 _2ddc
_cBK
999 _c40410
_d40410